<?xml version="1.0" encoding="UTF-8"?>
<record
    xmlns:xsi="http://www.w3.org/2001/XMLSchema-instance"
    xsi:schemaLocation="http://www.loc.gov/MARC21/slim http://www.loc.gov/standards/marcxml/schema/MARC21slim.xsd"
    xmlns="http://www.loc.gov/MARC21/slim">

  <leader>01001nam a2200301Ia 4500</leader>
  <controlfield tag="001">17338368</controlfield>
  <controlfield tag="003">AUA.1</controlfield>
  <controlfield tag="005">20250919111651.0</controlfield>
  <controlfield tag="008">250326s1987    txu      b    001 0 eng d</controlfield>
  <datafield tag="020" ind1=" " ind2=" ">
    <subfield code="a">0849902304</subfield>
  </datafield>
  <datafield tag="040" ind1=" " ind2=" ">
    <subfield code="a">TDL</subfield>
    <subfield code="c">TDL</subfield>
    <subfield code="d">EXN</subfield>
  </datafield>
  <datafield tag="049" ind1=" " ind2=" ">
    <subfield code="a">EXNs [496456]</subfield>
    <subfield code="c">1</subfield>
  </datafield>
  <datafield tag="050" ind1=" " ind2=" ">
    <subfield code="a">BS491.2</subfield>
    <subfield code="b">.W67 1987</subfield>
    <subfield code="a">BS1560</subfield>
  </datafield>
  <datafield tag="092" ind1=" " ind2=" ">
    <subfield code="a">224.6</subfield>
    <subfield code="b">St9h</subfield>
  </datafield>
  <datafield tag="100" ind1="1" ind2=" ">
    <subfield code="a">Stuart, Douglas K.</subfield>
    <subfield code="9">44875</subfield>
  </datafield>
  <datafield tag="245" ind1="0" ind2="0">
    <subfield code="a">Hosea-Jonah /</subfield>
    <subfield code="c">Douglas Stuart.</subfield>
  </datafield>
  <datafield tag="260" ind1=" " ind2=" ">
    <subfield code="a">Waco, Tex. :</subfield>
    <subfield code="b">Word Books,</subfield>
    <subfield code="c">c1987.</subfield>
  </datafield>
  <datafield tag="300" ind1=" " ind2=" ">
    <subfield code="a">xlv, 537 p. ;</subfield>
    <subfield code="c">24 cm.</subfield>
  </datafield>
  <datafield tag="490" ind1="1" ind2=" ">
    <subfield code="a">Word Biblical commentary ;</subfield>
    <subfield code="v">v. 31.</subfield>
  </datafield>
  <datafield tag="500" ind1=" " ind2=" ">
    <subfield code="a">Includes bibliographies and indexes.</subfield>
  </datafield>
  <datafield tag="630" ind1="0" ind2="0">
    <subfield code="a">Bible.</subfield>
    <subfield code="p">Hosea</subfield>
    <subfield code="x">Commentaries.</subfield>
    <subfield code="9">44876</subfield>
  </datafield>
  <datafield tag="630" ind1="0" ind2="0">
    <subfield code="a">Bible.</subfield>
    <subfield code="p">Joel</subfield>
    <subfield code="x">Commentaries.</subfield>
    <subfield code="9">44877</subfield>
  </datafield>
  <datafield tag="630" ind1="0" ind2="0">
    <subfield code="a">Bible.</subfield>
    <subfield code="p">Amos</subfield>
    <subfield code="x">Commentaries.</subfield>
    <subfield code="9">44878</subfield>
  </datafield>
  <datafield tag="630" ind1="0" ind2="0">
    <subfield code="a">Bible.</subfield>
    <subfield code="p">Obadiah</subfield>
    <subfield code="x">Commentaries.</subfield>
    <subfield code="9">44879</subfield>
  </datafield>
  <datafield tag="630" ind1="0" ind2="0">
    <subfield code="a">Bible.</subfield>
    <subfield code="p">Jonah</subfield>
    <subfield code="x">Commentaries.</subfield>
    <subfield code="9">44880</subfield>
  </datafield>
  <datafield tag="830" ind1=" " ind2="0">
    <subfield code="a">Word Biblical commentary ;</subfield>
    <subfield code="v">v.31.</subfield>
    <subfield code="9">44881</subfield>
  </datafield>
  <datafield tag="942" ind1=" " ind2=" ">
    <subfield code="2">lcc</subfield>
    <subfield code="c">REF</subfield>
    <subfield code="h">BS 491.2</subfield>
    <subfield code="i">.W67 1987</subfield>
  </datafield>
  <datafield tag="999" ind1=" " ind2=" ">
    <subfield code="c">25047</subfield>
    <subfield code="d">25047</subfield>
  </datafield>
  <datafield tag="952" ind1=" " ind2=" ">
    <subfield code="0">0</subfield>
    <subfield code="1">0</subfield>
    <subfield code="2">lcc</subfield>
    <subfield code="4">0</subfield>
    <subfield code="7">0</subfield>
    <subfield code="8">REF</subfield>
    <subfield code="a">AUA.1</subfield>
    <subfield code="b">AUA.1</subfield>
    <subfield code="c">REF</subfield>
    <subfield code="d">2011-12-20</subfield>
    <subfield code="e">Donation, Biblical Research Institute</subfield>
    <subfield code="g">25.00</subfield>
    <subfield code="h">AUA006109</subfield>
    <subfield code="l">1</subfield>
    <subfield code="o">BS 491.2 .W67 1987</subfield>
    <subfield code="p">AUA006109</subfield>
    <subfield code="r">2024-02-14 17:23:33</subfield>
    <subfield code="s">2024-02-14</subfield>
    <subfield code="t">v.31</subfield>
    <subfield code="v">25.00</subfield>
    <subfield code="w">2011-12-20</subfield>
    <subfield code="y">REF</subfield>
  </datafield>
</record>
